al-Nuẓum al-ijtimāʻīyah wa-al-siyāsīyah ʻinda qudamāʾ al-ʻArab wa-al-umam al-Sāmīyah /
محفوظ في:
المؤلف الرئيسي:
التنسيق: كتاب
اللغة: Arabic
منشور في:
al-Qāhirah :
Maṭbaʻat al-Saʻādah,
1949.
الموضوعات:
الوسوم: إضافة وسم
لا توجد وسوم, كن أول من يضع وسما على هذه التسجيلة!
رقم الطلب: CB241 .J85 1949
| LEADER | 01429nam a2200253Ia 4500 | ||
|---|---|---|---|
| 003 | OSt | ||
| 005 | 20230208072702.0 | ||
| 008 | 130303s1949 ua a 000 0 ara d | ||
| 952 | |0 0 |1 0 |2 lcc |4 0 |6 CB0241 J85 01949 |7 1 |9 45518 |a ARCE |b ARCE |d 2023-02-08 |l 0 |o CB241 .J85 1949 |p 1029772 |r 2023-02-08 00:00:00 |w 2023-02-08 |y BK | ||
| 999 | |c 26090 |d 26090 | ||
| 040 | |c ARCE Library | ||
| 043 | |a ar----- | ||
| 050 | 4 | |a CB241 .J85 1949 | |
| 100 | 1 | |6 880-01 |a Jumʻah, Muḥammad Maḥmūd, |d -1948, |e author | |
| 245 | 1 | 3 | |6 880-02 |a al-Nuẓum al-ijtimāʻīyah wa-al-siyāsīyah ʻinda qudamāʾ al-ʻArab wa-al-umam al-Sāmīyah / |c taʾlīf Muḥammad Maḥmūd Jumʻah. |
| 264 | 1 | |a al-Qāhirah : |b Maṭbaʻat al-Saʻādah, |c 1949. | |
| 300 | |a 15, 208 pages : |b ill. ; |c 24 cm. | ||
| 650 | 0 | |a Political Systems |x history | |
| 650 | 0 | |a Social systems |x History. | |
| 651 | 0 | |a Arabian Peninsula |x Social life and customs. | |
| 880 | 1 | |6 100-01/(3/r |a جمعة، محمد محمود، |d -1948. | |
| 880 | 1 | 2 | |6 245-02/(3/r |a النظم الاجتماعية و السياسية عند قدماء العرب و الأمم السامية |c تأليف محمد محمود جمعة. |
| 901 | |a reviewed | ||
| 942 | |c BK |2 lcc | ||
